| 000 | 00770nam a2200205Ia 4500 | ||
|---|---|---|---|
| 003 | LDD | ||
| 008 | 190117s9999 xx 000 0 und d | ||
| 020 |
_a8126301848 _c₹200 |
||
| 040 | _cLDD | ||
| 041 | _ahi | ||
| 082 | _a8B3.6 ब4915हँ-7 | ||
| 100 | _aबन्द्योपाध्याय, ताराशंकर | ||
| 245 | 0 |
_aहँसली बाँक की उपकथा _cताराशंकर बन्द्योपाध्याय |
|
| 250 | _a7वाँ संस्करण | ||
| 260 |
_aनई दिल्ली _bभारतीय ज्ञानपीठ _c2008 |
||
| 300 | _a375 | ||
| 901 | _aBJ | ||
| 904 | _aReqst by : Jitendra Shriwastava | ||
| 942 |
_2ddc _cH |
||
| 999 |
_c164561 _d164561 |
||